|
|
|
|
| LEADER |
01726nam a2200409 i 4500 |
| 001 |
EBC5898049 |
| 003 |
MiAaPQ |
| 005 |
20191010134156.0 |
| 006 |
m o d | |
| 007 |
cr cnu|||||||| |
| 008 |
191010s2016 enkab ob 001 0 eng d |
| 020 |
|
|
|z 9781780648125
|
| 020 |
|
|
|a 9781780648149 (e-book)
|
| 035 |
|
|
|a (MiAaPQ)EBC5898049
|
| 035 |
|
|
|a (Au-PeEL)EBL5898049
|
| 035 |
|
|
|a (OCoLC)967968347
|
| 040 |
|
|
|a MiAaPQ
|b eng
|e rda
|e pn
|c MiAaPQ
|d MiAaPQ
|
| 050 |
|
4 |
|a G155.A1
|b .T68 2016
|
| 082 |
0 |
|
|a 338.4791
|2 23
|
| 245 |
0 |
0 |
|a Tourist behaviour :
|b an international perspective /
|c Edited by, Metin Kozak and Nazmi Kozak.
|
| 264 |
|
1 |
|a Oxfordshire, England ;
|a Boston, Massachusetts :
|b CABI,
|c [2016]
|
| 264 |
|
4 |
|c 2016
|
| 300 |
|
|
|a 1 online resource (xiii, 184 pages) :
|b illustrations, map
|
| 336 |
|
|
|a text
|b txt
|2 rdacontent
|
| 337 |
|
|
|a computer
|b c
|2 rdamedia
|
| 338 |
|
|
|a online resource
|b cr
|2 rdacarrier
|
| 504 |
|
|
|a Includes bibliographical references and index.
|
| 588 |
|
|
|a Description based on print version record.
|
| 590 |
|
|
|a Electronic reproduction. Ann Arbor, MI : ProQuest, 2018. Available via World Wide Web. Access may be limited to ProQuest affiliated libraries.
|
| 650 |
|
0 |
|a Tourism
|x Psychological aspects.
|
| 650 |
|
0 |
|a Tourists
|x Psychology.
|
| 655 |
|
4 |
|a Electronic books.
|
| 700 |
1 |
|
|a Kozak, Nazmi,
|e editor.
|
| 700 |
1 |
|
|a Kozak, Metin,
|d 1968-
|e editor.
|
| 776 |
0 |
8 |
|i Print version:
|t Tourist behaviour : an international perspective.
|d Oxfordshire, England ; Boston, Massachusetts : CABI, c2016
|h xiii, 184 pages
|z 9781780648125
|w (DLC) 2016022768
|
| 797 |
2 |
|
|a ProQuest (Firm)
|
| 856 |
4 |
0 |
|u https://ebookcentral.proquest.com/lib/matrademy/detail.action?docID=5898049
|z Click to View
|